|
|
|
|
| LEADER |
00000nam0a2200000 4500 |
| 001 |
148080 |
| 005 |
20231101221335.0 |
| 010 |
|
|
|a 9785911319038
|
| 035 |
|
|
|a (RuTPU)RU\TPU\book\160513
|
| 035 |
|
|
|a RU\TPU\book\121346
|
| 090 |
|
|
|a 148080
|
| 100 |
|
|
|a 20070326d2009 m y0rusy50 ca
|
| 101 |
0 |
|
|a rus
|
| 102 |
|
|
|a RU
|
| 105 |
|
|
|a y j 001zy
|
| 200 |
1 |
|
|a Антикризисное управление
|e учебное пособие
|f под ред. И. К. Ларионова
|
| 205 |
|
|
|a 6-е изд., перераб. и доп.
|
| 210 |
|
|
|a Москва
|c Дашков и К
|d 2009
|
| 215 |
|
|
|a 292 с.
|
| 320 |
|
|
|a Библиогр. в конце глав: с. 288-289.
|
| 330 |
|
|
|a В учебном пособии раскрыты основы антикризисного управления, используемого в качестве противодействия кризисным процессам во всех областях экономики. Рассмотрен механизм системного экономического кризиса. Представлена система мер его преодоления, указаны пути социально-экономического возрождения страны. Книга предназначена для студентов экономических и социальных вузов, преподавателей и экономистов, государственных служащих федеральных органов исполнительной власти.
|
| 451 |
|
1 |
|0 (RuTPU)RU\TPU\book\121346
|y 5-91131-144-5
|t Антикризисное управление
|o учебное пособие
|f под ред. И. К. Ларионова
|e 5-е изд., перераб. и доп.
|c М.
|n Дашков и К
|d 2007
|p 290 с.
|
| 606 |
1 |
|
|a Антикризисное управление
|2 stltpush
|3 (RuTPU)RU\TPU\subj\29215
|9 52599
|
| 610 |
1 |
|
|a экономика
|
| 610 |
1 |
|
|a управление
|
| 610 |
1 |
|
|a антикризисное регулирование
|
| 610 |
1 |
|
|a рыночные реформы
|
| 610 |
1 |
|
|a экономические кризисы
|
| 610 |
1 |
|
|a Российская Федерация
|
| 610 |
1 |
|
|a предприятия
|
| 610 |
1 |
|
|a макроэкономический кризис
|
| 610 |
1 |
|
|a экономические реформы
|
| 610 |
1 |
|
|a оздоровление
|
| 610 |
1 |
|
|a реформирование
|
| 610 |
1 |
|
|a антикризисный маркетинг
|
| 610 |
1 |
|
|a фирмы
|
| 610 |
1 |
|
|a внешняя среда
|
| 610 |
1 |
|
|a конъюнктура
|
| 610 |
1 |
|
|a емкость
|
| 610 |
1 |
|
|a рынок
|
| 610 |
1 |
|
|a учебные пособия
|
| 686 |
|
|
|a У9(2)212я73
|v LBC/SL-A
|2 rubbk
|
| 702 |
|
1 |
|a Ларионов
|b И. К.
|4 340
|
| 801 |
|
1 |
|a RU
|b 63413507
|c 20081126
|g PSBO
|
| 801 |
|
2 |
|a RU
|b 63413507
|c 20150825
|g PSBO
|
| 900 |
|
|
|a Антикризисное управление
|
| 900 |
|
|
|a Теория и практика антикризисного управления
|
| 942 |
|
|
|c BK
|
| 959 |
|
|
|a 112/20081124
|d 2
|e 110,00
|f АНЛ:1
|f ЧЗГЛ:1
|